000 00518cam a22001814a 4500
005 20250605163444.0
008 250528s ||||||||||||||||||||||||d
035 _a19603
020 _a9607272124
040 _aGR-AtMCL
_bgre
_dGR-AtMCL
_eAACR2
245 1 _aΟΔΗΓΟΣ ΕΛΕΓΧΟΥ ΠΟΙΟΤΗΤΑΣ ΔΗΜΟΣΙΩΝ ΕΡΓΩΝ ΤΟΜΟΣ Β
250 _a1
260 _bΥπουργειο Εθνικης Οικονομιας,
_c1999
300 _a565
942 _cBK
999 _c4859
_d4859